Štát a cirkvi na Slovensku vývoj financovania cirkví : historický prehľad vývinu vzťahov medzi Katolíckou cirkvou a štátnou mocou na našom území, s osobitným dôrazom na vývoj financovania Katolíckej cirkvi

Bibliographic Details
Main Author: Šabo, Martin (Author)
Format: Book
Language:Slovak
Published: Bratislava Redemptoristi - Slovo medzi nami 2006
ISBN:8096960024
Edition:1. vyd.
Subjects:

MARC

LEADER 00000nam a2200000 a 4500
001 vtls008945202
003 SK-MaSNL
005 20260425233547.0
008 240313s2006 xo f 000 0 slo
015 |a SNBA2007/04-01464 
020 |a 8096960024  |q (brož.) 
040 |a SNK  |b slo  |c SNK  |e AACR2 
041 0 |a slo 
043 |a e-xo--- 
044 |a xo  |c SK 
072 7 |a 322  |x Vzťahy medzi cirkvou a štátom  |2 konspekt 
080 |a 322(091)  |2 2001 
080 |a 336  |2 2001 
080 |a (437.6)  |2 2001 
080 |a (048.8)  |2 2001 
080 |a 272  |2 2001 
100 1 |a Šabo, Martin  |4 aut  |9 441760 
245 1 0 |a Štát a cirkvi na Slovensku  |b vývoj financovania cirkví : historický prehľad vývinu vzťahov medzi Katolíckou cirkvou a štátnou mocou na našom území, s osobitným dôrazom na vývoj financovania Katolíckej cirkvi  |c Martin Šabo 
250 |a 1. vyd. 
260 |a Bratislava  |b Redemptoristi - Slovo medzi nami  |c 2006 
500 |a Vyd. v spolupráci s Ústavom pre vzťahy štátu a cirkví 
504 |a Bibliogr. s. 129-132. Zoz. skrat. Význam odb. výrazov 
610 2 7 |a Katolícka cirkev  |2 SNKKA  |9 206702 
650 0 7 |a štát a cirkev  |x dejiny  |2 SNKPH  |9 74764 
650 0 7 |a financovanie cirkví a náboženských spoločností  |2 SNKPH  |9 253057 
650 0 7 |a Church and state  |x history  |2 SNKPHeng  |9 327978 
650 0 7 |a Financing of the Churches  |2 SNKPHeng  |9 497366 
651 7 |a Slovensko  |2 SNKPH  |9 14231 
651 7 |a Slovakia  |2 SNKPHeng  |9 92630 
655 7 |a štúdie  |2 SNKPH  |9 57033 
655 7 |a Studies  |2 SNKPHeng  |9 265573 
919 |a 80-969600-2-4 
958 |a NB 
968 |d 32 
999 |c 769397  |d 771327 
952 |a SNK  |b SNK  |y PREZ  |7 0  |p 17A0539573  |o snkSD 76277  |i snk2007/4146  |8 0  |0 0  |1 0  |4 0  |d 2007-02-13  |l 0  |r 2025-11-25 00:00:00  |w 2026-02-24 
952 |a SNK  |b SNK  |y VYP  |7 0  |p 17A0539572  |o snkSD 76277 D1  |i snk2007/4147  |8 0  |0 0  |1 0  |4 0  |d 2007-02-13  |l 0  |r 2017-06-30 00:00:00  |w 2026-02-24